<?xml version="1.0" encoding="UTF-8"?>
<record
    xmlns:xsi="http://www.w3.org/2001/XMLSchema-instance"
    xsi:schemaLocation="http://www.loc.gov/MARC21/slim http://www.loc.gov/standards/marcxml/schema/MARC21slim.xsd"
    xmlns="http://www.loc.gov/MARC21/slim">

  <leader>01431ntm a2200205 a 4500</leader>
  <controlfield tag="008">170302t2000    ag ||||g |||| 001 0 spa d</controlfield>
  <datafield tag="020" ind1=" " ind2=" ">
    <subfield code="a">9509009075</subfield>
  </datafield>
  <datafield tag="041" ind1=" " ind2=" ">
    <subfield code="a">spa</subfield>
  </datafield>
  <datafield tag="092" ind1=" " ind2=" ">
    <subfield code="c">823</subfield>
    <subfield code="l">13</subfield>
    <subfield code="s">COR</subfield>
  </datafield>
  <datafield tag="100" ind1="1" ind2=" ">
    <subfield code="a">Cornwell, Bernard</subfield>
    <subfield code="9">3481</subfield>
  </datafield>
  <datafield tag="245" ind1=" " ind2=" ">
    <subfield code="a">Stonechengue.</subfield>
    <subfield code="b">Una novela del a&#xF1;o 2000 A.C /</subfield>
    <subfield code="c">Bernard Cornwell</subfield>
  </datafield>
  <datafield tag="250" ind1=" " ind2=" ">
    <subfield code="a">1a ed.</subfield>
    <subfield code="b">Traducci&#xF3;n Eduardo Iriarte Go&#xF1;i</subfield>
  </datafield>
  <datafield tag="260" ind1=" " ind2=" ">
    <subfield code="a">Buenos Aires:</subfield>
    <subfield code="b">Edhasa;</subfield>
    <subfield code="c">2004.</subfield>
  </datafield>
  <datafield tag="300" ind1=" " ind2=" ">
    <subfield code="a">528 p.</subfield>
    <subfield code="c">23x15 cm.</subfield>
  </datafield>
  <datafield tag="500" ind1=" " ind2=" ">
    <subfield code="a">Cornwell, B. (2004). Stonehenge. Una novela del a&#xF1;o 2000 A.C. (1a ed.). Buenos Aires : Edhasa.</subfield>
  </datafield>
  <datafield tag="505" ind1=" " ind2=" ">
    <subfield code="a">Hace unos cuatro mil a&#xF1;os, una tribu del sudoeste de Gran Breta&#xF1;a llev&#xF3; a cabo una de las mayores haza&#xF1;as arquitect&#xF3;nicas de todos los tiempos: Stonehenge, un santuario hecho a base de inmensos bloques de piedra tra&#xED;dos de tierras lejanas. La grandiosidad de la obra a dejado perplejos a los investigadores a los largo de los siglos. &#xBF;Qu&#xE9; llev&#xF3; a aquellos hombres a acometer semejante empresa? &#xBF;Cu&#xE1;les eran sus nombres, sus motivaciones, sus dioses? Bertrand Cornwell responde a &#xE9;stas y muchas otras preguntas a trav&#xE9;s de la historia de los tres hijos del jefe de la tribu de Ratharryn: Lengar, Camaban y Saban; el guerrero, el visionario y el constructor. Tres hermanos que, cada uno a su modo, osaron desafiar al mism&#xED;simo dios del Sol.</subfield>
  </datafield>
  <datafield tag="590" ind1=" " ind2=" ">
    <subfield code="a">Donacion Maria Vitarelli, diciembre 2017</subfield>
  </datafield>
  <datafield tag="655" ind1=" " ind2=" ">
    <subfield code="a">Novela</subfield>
    <subfield code="9">3091</subfield>
  </datafield>
  <datafield tag="942" ind1=" " ind2=" ">
    <subfield code="2">ddc</subfield>
    <subfield code="c">BK</subfield>
  </datafield>
  <datafield tag="999" ind1=" " ind2=" ">
    <subfield code="c">2632</subfield>
    <subfield code="d">2632</subfield>
  </datafield>
  <datafield tag="952" ind1=" " ind2=" ">
    <subfield code="0">0</subfield>
    <subfield code="1">0</subfield>
    <subfield code="2">ddc</subfield>
    <subfield code="4">0</subfield>
    <subfield code="7">0</subfield>
    <subfield code="a">BFM</subfield>
    <subfield code="b">BFM</subfield>
    <subfield code="c">CR</subfield>
    <subfield code="d">2018-02-06</subfield>
    <subfield code="e">Donaci&#xF3;n Maria Vitarelli, diciembre 2017</subfield>
    <subfield code="l">0</subfield>
    <subfield code="o">823 13 COR</subfield>
    <subfield code="p">4137</subfield>
    <subfield code="r">2018-02-06</subfield>
    <subfield code="t">Ej. 1</subfield>
    <subfield code="w">2018-02-06</subfield>
    <subfield code="y">LIT</subfield>
    <subfield code="z">Proyecto 4to libro. Donaci&#xF3;n Maria Vitarelli, diciembre 2017</subfield>
  </datafield>
</record>
